ბათუმის შოთა რუსთაველის სახელმწიფო უნივერსიტეტის ბიბლიოთეკა

გოგია უიშვილი. (ბიბ.ჩანაწერი № 43235)

000 -LEADER
fixed length control field 00781nam a2200229Ia 4500
001 - CONTROL NUMBER
control field 9962
003 - CONTROL NUMBER IDENTIFIER
control field GE_BSU
008 - FIXED-LENGTH DATA ELEMENTS--GENERAL INFORMATION
fixed length control field 181216s||||||||xx |||||||||||||| ||und||
040 ## - CATALOGING SOURCE
Transcribing agency GE_BSU
080 ## - UNIVERSAL DECIMAL CLASSIFICATION NUMBER
Universal Decimal Classification number 821.353.1–32
100 ## - MAIN ENTRY--PERSONAL NAME
Personal name ნინოშვილი,ეგნატე
245 ## - TITLE STATEMENT
Title გოგია უიშვილი.
245 ## - TITLE STATEMENT
Remainder of title მოთხრობა.მცირემცოდნეთათვის
245 ## - TITLE STATEMENT
Statement of responsibility, etc. რედ.კ.ჭანტურიშვილი
260 ## - PUBLICATION, DISTRIBUTION, ETC.
Place of publication, distribution, etc. ტფილისი
260 ## - PUBLICATION, DISTRIBUTION, ETC.
Name of publisher, distributor, etc. სახელგამი
260 ## - PUBLICATION, DISTRIBUTION, ETC.
Date of publication, distribution, etc. 1936
300 ## - PHYSICAL DESCRIPTION
Extent 30გვ.22სმ.
653 ## - INDEX TERM--UNCONTROLLED
Uncontrolled term გოგია უიშვილი.
653 ## - INDEX TERM--UNCONTROLLED
Uncontrolled term მოთხრობა.მცირემცოდნეთათვის
942 ## - ADDED ENTRY ELEMENTS (KOHA)
Koha item type წიგნი
ეგზემპლარები
Withdrawn status Lost status Damaged status Not for loan Date acquired Barcode Date last seen Price effective from Koha item type
        2018-12-17 33120 2018-12-17 2018-12-17 წიგნი